Introduction (notice n° 1874404)
[ vue normale ]
| 000 -LEADER | |
|---|---|
| fixed length control field | 01218cam a2200169 4500500 |
| 005 - DATE AND TIME OF LATEST TRANSACTION | |
| control field | 20260329012810.0 |
| 041 ## - LANGUAGE CODE | |
| Language code of text/sound track or separate title | fre |
| 042 ## - AUTHENTICATION CODE | |
| Authentication code | dc |
| 100 10 - MAIN ENTRY--PERSONAL NAME | |
| Personal name | Bureau, Dominique |
| Relator term | author |
| 245 00 - TITLE STATEMENT | |
| Title | Introduction |
| 260 ## - PUBLICATION, DISTRIBUTION, ETC. | |
| Date of publication, distribution, etc. | 2005.<br/> |
| 500 ## - GENERAL NOTE | |
| General note | 65 |
| 520 ## - SUMMARY, ETC. | |
| Summary, etc. | La pandémie a donné un coup d’accélérateur à un phénomène amorcé il y a une vingtaine d’années et qui a subrepticement irrigué toute l’économie : les normes comptables ne sont plus adaptées à la nature des investissements des entreprises et le principe de précaution qui s’applique dans la réglementation comptable a donné lieu à une inflation des normes. Quelles en sont les conséquences pour les investisseurs ? |
| 520 ## - SUMMARY, ETC. | |
| Summary, etc. | The pandemic is accelerating a twenty year phenomenon: accounting standards are no longer adequate to describe investment behaviors. Moreover, the Precautionary Principle has resulted in an inflation of accounting standards. In the context of the pandemic, what are the consequences for investors? |
| 786 0# - DATA SOURCE ENTRY | |
| Note | Économie & prévision | 167 | 1 | 2005-03-01 | p. 1-2 | 0249-4744 |
| 856 41 - ELECTRONIC LOCATION AND ACCESS | |
| Uniform Resource Identifier | <a href="https://shs.cairn.info/revue-economie-et-prevision-1-2005-1-page-1?lang=fr&redirect-ssocas=7080">https://shs.cairn.info/revue-economie-et-prevision-1-2005-1-page-1?lang=fr&redirect-ssocas=7080</a> |
Pas d'exemplaire disponible.




Réseaux sociaux